LOSC Lille Squad 2024-2025 - Statistics

General Stats
  • This quiz has been taken 185 times
    117 since last reset
  • The average score is 23 of 31
Answer Stats
# Position Nation Player % Correct
9 FW Canada Jonathan David
99%
8 MF England Angel Gomes
97%
26 MF Portugal André Gomes
94%
4 DF Brazil Alexsandro
93%
21 MF France Benjamin André
93%
30 GK France Lucas Chevalier
91%
7 FW Iceland Hákon Arnar Haraldsson
90%
12 DF Belgium Thomas Meunier
87%
23 FW Kosovo Edon Zhegrova
84%
2 DF Algeria Aïssa Mandi
83%
6 MF Algeria Nabil Bentaleb
83%
1 GK Italy Vito Mannone
81%
17 MF DR Congo Ngal'ayel Mukau
80%
10 MF France Rémy Cabella
80%
22 DF Portugal Tiago Santos
80%
5 DF Sweden Gabriel Gudmundsson
79%
18 DF France Bafodé Diakité
77%
11 FW Morocco Osame Sahraoui
77%
- Coach France Bruno Génésio
74%
19 FW Belgium Matias Fernandez-Pardo
74%
20 MF Netherlands Mitchel Bakker
73%
31 DF Brazil Ismaily
70%
27 FW Guinea Mohamed Bayo
64%
32 MF France Ayyoub Bouaddi
61%
24 FW England Chuba Akpom
61%
29 MF France Ethan Mbappé
53%
14 DF France Samuel Umtiti
46%
16 GK France Marc-Aurèle Caillard
44%
13 DF Algeria Akim Zedadka
40%
36 DF France Ousmane Touré
37%
28 DF Portugal Rafael Fernandes
31%
No matching quizzes found
Score Distribution
Percent of People with Each Score
Percentile by Number Answered
Your Score History
You have not taken this quiz since the last reset